000 00555nam a22001817a 4500
003 OSt
008 251121b |||||||| |||| 00| 0 eng d
082 _a891.431
_bV69M
100 _aVijayavagriya, Dayakrishna. 'Vijaya'
245 _aMukta aa Khada Sadak Par /
_cby Dayakrishna Vijayavagriya 'Vijaya'
260 _a.- Rajasthan
_b: Vijaya Prakashan
_c, 2013
300 _a94p.
650 _aLiterature
650 _aLiteratures of other Specific Languages and Languages Families
650 _aHindi Literatures
650 _aPoetry
942 _2ddc
_cHB
999 _c49208
_d49208